<?xml version="1.0" encoding="UTF-8"?>
<record
    xmlns:xsi="http://www.w3.org/2001/XMLSchema-instance"
    xsi:schemaLocation="http://www.loc.gov/MARC21/slim http://www.loc.gov/standards/marcxml/schema/MARC21slim.xsd"
    xmlns="http://www.loc.gov/MARC21/slim">

  <leader>02292cam a2200373 i 4500</leader>
  <controlfield tag="001">10105588</controlfield>
  <controlfield tag="003">CaAEU</controlfield>
  <controlfield tag="005">20251124110436.0</controlfield>
  <controlfield tag="008">211013t20222022enk    e b    001 0 eng d</controlfield>
  <datafield tag="015" ind1=" " ind2=" ">
    <subfield code="a">GBC218510</subfield>
    <subfield code="2">bnb</subfield>
  </datafield>
  <datafield tag="016" ind1="7" ind2=" ">
    <subfield code="a">020481636</subfield>
    <subfield code="2">Uk</subfield>
  </datafield>
  <datafield tag="020" ind1=" " ind2=" ">
    <subfield code="a">9781399400657</subfield>
  </datafield>
  <datafield tag="035" ind1=" " ind2=" ">
    <subfield code="a">on1308597449</subfield>
  </datafield>
  <datafield tag="039" ind1=" " ind2=" ">
    <subfield code="a">exclude</subfield>
  </datafield>
  <datafield tag="040" ind1=" " ind2=" ">
    <subfield code="a">UKMGB</subfield>
    <subfield code="b">eng</subfield>
    <subfield code="e">rda</subfield>
    <subfield code="c">UKMGB</subfield>
    <subfield code="d">OCLCO</subfield>
    <subfield code="d">UKMGB</subfield>
    <subfield code="d">OCLCF</subfield>
    <subfield code="d">IEB</subfield>
    <subfield code="d">GL4</subfield>
    <subfield code="d">OQX</subfield>
    <subfield code="d">SISPL</subfield>
    <subfield code="d">VP@</subfield>
    <subfield code="d">YDX</subfield>
    <subfield code="d">IMT</subfield>
    <subfield code="d">IAD</subfield>
    <subfield code="d">CANPU</subfield>
    <subfield code="d">CDX</subfield>
    <subfield code="d">AEVC</subfield>
  </datafield>
  <datafield tag="041" ind1=" " ind2=" ">
    <subfield code="a">eng</subfield>
  </datafield>
  <datafield tag="050" ind1=" " ind2="4">
    <subfield code="a">HF5383</subfield>
    <subfield code="b">.G48 2022</subfield>
  </datafield>
  <datafield tag="245" ind1="0" ind2="0">
    <subfield code="a">Get that job</subfield>
    <subfield code="b">: CVs and resumes : how to make sure you stand out from the crowd.</subfield>
  </datafield>
  <datafield tag="246" ind1="3" ind2="0">
    <subfield code="a">CVs and resumes</subfield>
  </datafield>
  <datafield tag="246" ind1="3" ind2=" ">
    <subfield code="a">Curriculum vitae and resumes</subfield>
  </datafield>
  <datafield tag="250" ind1=" " ind2=" ">
    <subfield code="a">Revised and updated edition.</subfield>
  </datafield>
  <datafield tag="260" ind1=" " ind2=" ">
    <subfield code="a">London ;</subfield>
    <subfield code="a">New York, NY :</subfield>
    <subfield code="b">Bloomsbury Business,</subfield>
    <subfield code="c">2022.</subfield>
  </datafield>
  <datafield tag="300" ind1=" " ind2=" ">
    <subfield code="a">95 pages ;</subfield>
    <subfield code="c">18 cm.</subfield>
  </datafield>
  <datafield tag="490" ind1=" " ind2=" ">
    <subfield code="a">Business essentials</subfield>
  </datafield>
  <datafield tag="500" ind1=" " ind2=" ">
    <subfield code="a">Previously published in 2004 and 2009.</subfield>
  </datafield>
  <datafield tag="504" ind1=" " ind2=" ">
    <subfield code="a">Includes bibliographical references and index.</subfield>
  </datafield>
  <datafield tag="505" ind1="0" ind2=" ">
    <subfield code="a">Assess yourself &#x2014; Identifying your goals and your key skills &#x2014; Preparing difference types of CV &#x2014; Winning with your DV &#x2014; Making an impact with your covering letter &#x2014; Researching the job market &#x2014; Choosing the right first job &#x2014; Example functional CV &#x2014; Example speculative chronological CV &#x2014; Where to find more help.</subfield>
  </datafield>
  <datafield tag="520" ind1=" " ind2=" ">
    <subfield code="a">The ultimate guide to marketing yourself in a CV or resume, and ensuring you make a professional impression in any job search.

The job market has never been more competitive, and marketing yourself can be tricky. And nothing raises a red flag for an employer than a poorly-written or badly-presented CV or resume. This handy guide offers practical, step-by-step advice on preparing, writing, and presenting an impressive document - either on paper or online - that will help you to 'get your foot in the door' with prospective employers.

Covering essential issues such as identifying your goals, creating different types of CV, or coming up with a fantastic and persuasive letter to go with them, this is a must-read for job hunters at any stage of their career.</subfield>
  </datafield>
  <datafield tag="650" ind1=" " ind2="0">
    <subfield code="a">R&#xE9;sum&#xE9;s (Employment)</subfield>
    <subfield code="9">6732</subfield>
  </datafield>
  <datafield tag="650" ind1=" " ind2="0">
    <subfield code="a">Job hunting</subfield>
    <subfield code="9">1762</subfield>
  </datafield>
  <datafield tag="650" ind1=" " ind2="0">
    <subfield code="a">Curriculum vitae</subfield>
    <subfield code="9">928</subfield>
  </datafield>
  <datafield tag="710" ind1=" " ind2=" ">
    <subfield code="a">Bloomsbury (Firm)</subfield>
    <subfield code="e">publisher</subfield>
    <subfield code="9">26264</subfield>
  </datafield>
  <datafield tag="942" ind1=" " ind2=" ">
    <subfield code="2">lcc</subfield>
  </datafield>
  <datafield tag="952" ind1=" " ind2=" ">
    <subfield code="0">0</subfield>
    <subfield code="1">0</subfield>
    <subfield code="2">lcc</subfield>
    <subfield code="4">0</subfield>
    <subfield code="7">0</subfield>
    <subfield code="a">TBS</subfield>
    <subfield code="b">TBS</subfield>
    <subfield code="d">2025-11-24</subfield>
    <subfield code="l">0</subfield>
    <subfield code="o">HF5383 BLO</subfield>
    <subfield code="p">B05614</subfield>
    <subfield code="r">2025-11-24</subfield>
    <subfield code="t">1</subfield>
    <subfield code="w">2025-11-24</subfield>
    <subfield code="y">1</subfield>
  </datafield>
  <datafield tag="999" ind1=" " ind2=" ">
    <subfield code="c">5197</subfield>
    <subfield code="d">5197</subfield>
  </datafield>
</record>
